| 000 | 00421nam a2200181Ia 4500 | ||
|---|---|---|---|
| 001 | 23651 | ||
| 005 | 20260414150951.0 | ||
| 008 | 260414t1963||||xx |||||||||||||| ||spa|| | ||
| 041 | _aESP | ||
| 082 |
_a682.0946 _bC17 |
||
| 100 |
_aCalle Iturrino, E. _eAUT |
||
| 245 | 0 |
_aLas ferrerias Vascas _b |
|
| 260 | _c1963 | ||
| 300 |
_a105 páginas : _c23 cm. |
||
| 650 | _aTCA | ||
| 654 | _aCII | ||
| 942 |
_cLIB _dJUS _fJUS _2ddc _n |
||
| 999 |
_c23651 _d23651 |
||